| 000 | 00000nam##2200000za#4500 |
| 001 | 9.630362 |
| 003 | CaOODSP |
| 005 | 20210624213813 |
| 007 | cr ||||||||||| |
| 008 | 150407|1998||||xxc|||||o f|0| 0 fre|d |
| 020 | |a0-662-84049-6 |
| 040 | |aCaOODSP|bfre |
| 043 | |an-cn--- |
| 086 | 1 |aR79-8/1999F-IN |
| 110 | 1 |aCanada.|bAffaires indiennes et du Nord. |bDivision des ressources hydriques. |
| 245 | 10|aÉtude du bassin hydrographique du lac de Gras / |h[ressource électronique]|c[par] Bob Reid, Fred Sangris, et Lawrence Catholique. |
| 260 | |aOttawa - Ontario : |bAffaires indiennes et du Nord. |cJuin 1998. |
| 300 | |a16p.|bphotographies |
| 590 | |a15-02-Supp|b2015-02-16 |
| 691 | 07|aBassin hydrologique|2gcpds |
| 691 | 07|aTerres autochtones|2gcpds |
| 775 | 08|tLac de Gras drainage basin study / |w(CaOODSP)9.685771 |
| 856 | 40|ahttp://publications.gc.ca|qPDF|s543 Ko|uhttps://publications.gc.ca/collections/collection_2014/aadnc-aandc/R79-8-1999-fra.pdf |
| 986 | |aQS-Y133-000-FF-A1 |